|
|
|
|
| LEADER |
00000nab a2200000 ar4500 |
| 001 |
vtls009004302 |
| 003 |
SK-MaSNL |
| 005 |
20260319071307.0 |
| 008 |
070625c20070625xo |||||||| 000 b|hun |
| 015 |
|
|
|a SNBRB2007/06
|2 snkbucl
|
| 038 |
|
|
|a SNKBUCL
|
| 040 |
|
|
|a DSZK
|b slo
|c DSZK
|e AACR2
|
| 041 |
0 |
|
|a hun
|
| 044 |
|
|
|a xo
|c SK
|
| 080 |
|
|
|a 792.079:792
|x (=511.141)
|2 1997
|
| 080 |
|
|
|a 792
|x (=511.141)
|2 1997
|
| 100 |
1 |
|
|a Juhász Dósa, János,
|d 1969-
|4 aut
|9 667976
|
| 245 |
1 |
0 |
|a (Macska)-hús, és művészet
|b a marosvásárhelyi és a kolozsvári színház előadásával megnyílt a Határon Túli Magyar Színházak Fesztiválja
|c Juhász Dósa János
|
| 300 |
|
|
|b Fotogr.
|
| 611 |
2 |
7 |
|a Festival maďarských divadiel za hranicami
|n (19. :
|d 2007 :
|c Kisvárda, Maďarsko)
|2 snkbucl
|9 103409
|
| 648 |
|
7 |
|a 2007
|2 snkbucl
|9 313226
|
| 648 |
|
7 |
|a 21.-30.6.2007
|2 snkbucl
|9 1033463
|
| 651 |
|
7 |
|a Kisvárda (Maďarsko)
|2 snkbucl
|9 1033464
|
| 773 |
0 |
|
|t Új szó
|g Évf. 60, sz. 145 (25.6.2007), o. 6
|
| 852 |
|
|
|a SNK
|b KIS3GCP
|
| 852 |
|
|
|a DSZK
|b KIS3GCP
|
| 958 |
|
|
|a HU
|
| 999 |
|
|
|c 1752017
|d 1753947
|